[Event "IX Floripa Chess Open Fort Atacadista"]
[Site "Florianópolis - Santa Catari"]
[Date "2023.01.26"]
[Round "5.73"]
[White "Caldeira, Adriano"]
[Black "Da Rosa, Henrique Jaze Simoe"]
[Result "1/2-1/2"]
[WhiteElo "2156"]
[BlackElo "1838"]
[PlyCount "115"]
[EventDate "2023.01.23"]
[EventRounds "10"]
[EventCountry "BRA"]

1. e4 e5 2. Nf3 Nc6 3. Bb5 a6 4. Ba4 Nf6 5. O-O Be7 6. Re1 b5 7. Bb3 O-O 8. a4
b4 9. c3 d6 10. h3 Rb8 11. d4 Na5 12. Bc2 Nc6 13. d5 Na7 14. c4 c5 15. Nbd2 Ne8
16. Nf1 f5 17. exf5 Bxf5 18. Bxf5 Rxf5 19. Ng3 Rf8 20. Ne4 h6 21. Qd3 Nc8 22.
Ng3 Qd7 23. Re4 Bf6 24. Rg4 Kh8 25. Rg6 Ne7 26. Rg4 Rg8 27. Nh4 g5 28. Nhf5
Nxf5 29. Nxf5 Qh7 30. Qf3 Bd8 31. Ne3 h5 32. Rg3 Nf6 33. Qf5 g4 34. hxg4 hxg4
35. Qxh7+ Kxh7 36. Nf5 Bc7 37. f3 Nh5 38. Rxg4 Rxg4 39. fxg4 Nf6 40. g5 Ne4 41.
Be3 Bd8 42. g4 Kg6 43. Kg2 Bxg5 44. Kf3 Nf6 45. Bxg5 Kxg5 46. Nxd6 Nxg4 47. Rg1
Rf8+ 48. Ke4 Rf4+ 49. Kd3 Rf3+ 50. Kd2 Rf2+ 51. Kc1 Kf4 52. b3 Rf3 53. Nb7 Rxb3
54. d6 Rc3+ 55. Kb2 Rd3 56. Rf1+ Kg3 57. d7 Rd2+ 58. Kc1 1/2-1/2

[Event "IX Floripa Chess Open Fort Atacadista"]
[Site "Florianópolis - Santa Catari"]
[Date "2023.01.26"]
[Round "5.74"]
[White "Borger, David Lupovici"]
[Black "Piccoli, Lucas Fonseca"]
[Result "0-1"]
[WhiteElo "1832"]
[BlackElo "2148"]
[PlyCount "44"]
[EventDate "2023.01.23"]
[EventRounds "10"]
[EventCountry "BRA"]

1. e4 c5 2. d4 cxd4 3. c3 Nf6 4. e5 Nd5 5. Qxd4 e6 6. Nf3 Nc6 7. Qg4 d6 8. exd6
Qxd6 9. Bc4 Ne5 10. Nxe5 Qxe5+ 11. Qe2 Qxe2+ 12. Kxe2 Nb6 13. Bb5+ Bd7 14. a4
O-O-O 15. Na3 a6 16. Bxd7+ Rxd7 17. Nc2 Nd5 18. Be3 Be7 19. Rad1 Rhd8 20. Rd2
f5 21. Rhd1 Bf6 22. g3 g5 0-1

[Event "IX Floripa Chess Open Fort Atacadista"]
[Site "Florianópolis - Santa Catari"]
[Date "2023.01.26"]
[Round "5.75"]
[White "Bueno, Alfeu Junior Varela"]
[Black "Borsato, Ana Carolina Teodor"]
[Result "1-0"]
[WhiteElo "2145"]
[BlackElo "1832"]
[PlyCount "111"]
[EventDate "2023.01.23"]
[EventRounds "10"]
[EventCountry "BRA"]

1. e4 e5 2. Nc3 Nc6 3. Bc4 Nf6 4. d3 Be7 5. f4 d6 6. Nf3 Bg4 7. h3 Bxf3 8. Qxf3
Nd4 9. Qf2 Qd7 10. Be3 Nc6 11. a3 a6 12. g4 O-O-O 13. g5 exf4 14. Qxf4 Ne8 15.
Qxf7 Ne5 16. Qh5 Nxc4 17. dxc4 g6 18. Qg4 Qxg4 19. hxg4 Bf8 20. O-O-O Bg7 21.
Rh3 Rd7 22. Nd5 Be5 23. Rf1 Ng7 24. Nf6 Rf7 25. Rfh1 Bxf6 26. gxf6 Ne6 27. g5
Kd7 28. Rh6 Nf8 29. c5 Ke6 30. Kd2 Ke5 31. Kd3 dxc5 32. Bxc5 Rd7+ 33. Ke3 Ne6
34. Bb4 Nxg5 35. Bc3+ Ke6 36. Rxg6 Nf7 37. Rg7 h6 38. Rhg1 Rhd8 39. Rh7 b6 40.
Rgg7 c5 41. Rg2 Rd6 42. Rh2 R6d7 43. Rh5 Rd6 44. a4 c4 45. a5 b5 46. Rc5 R8d7
47. Rg7 Rd8 48. Rc7 R8d7 49. Rc8 Rd8 50. Rc5 R8d7 51. Rg8 Rd8 52. Rxd8 Rxd8 53.
Rc6+ Rd6 54. Rb6 Kd7 55. Rb7+ Ke6 56. Re7# 1-0

[Event "IX Floripa Chess Open Fort Atacadista"]
[Site "Florianópolis - Santa Catari"]
[Date "2023.01.26"]
[Round "5.76"]
[White "Fernandes Filho, Bergson Fragoso"]
[Black "Vieira, Jose Renato Braga S"]
[Result "1-0"]
[WhiteElo "2113"]
[BlackElo "1828"]
[PlyCount "55"]
[EventDate "2023.01.23"]
[EventRounds "10"]
[EventCountry "BRA"]

1. e4 c5 2. Nf3 d6 3. Bb5+ Bd7 4. a4 Nc6 5. O-O g6 6. c3 Nf6 7. Re1 Bg7 8. h3
O-O 9. d4 a6 10. Bxc6 Bxc6 11. d5 Bd7 12. e5 dxe5 13. Nxe5 Bf5 14. c4 Nd7 15.
Nxd7 Qxd7 16. Nc3 h5 17. a5 Qc7 18. Bg5 Rfe8 19. Qd2 Rad8 20. Na4 Be5 21. Nb6
f6 22. Be3 e6 23. Rac1 Qe7 24. f3 Bc7 25. g4 hxg4 26. hxg4 exd5 27. gxf5 dxc4
28. Qg2 1-0

[Event "IX Floripa Chess Open Fort Atacadista"]
[Site "Florianópolis - Santa Catari"]
[Date "2023.01.26"]
[Round "5.77"]
[White "Rodrigues, Julliano De Araujo"]
[Black "Mariano, Marceley Martins"]
[Result "0-1"]
[WhiteElo "1819"]
[BlackElo "2089"]
[PlyCount "62"]
[EventDate "2023.01.23"]
[EventRounds "10"]
[EventCountry "BRA"]

1. e4 c5 2. Nf3 d6 3. d4 cxd4 4. Nxd4 Nf6 5. Nc3 a6 6. h3 e5 7. Nde2 Be6 8. g4
h6 9. Bg2 Nc6 10. Be3 Qc7 11. Nd5 Bxd5 12. exd5 Nb8 13. Ng3 Nbd7 14. Qd2 g6 15.
f4 Bg7 16. O-O-O Rc8 17. g5 exf4 18. Bxf4 hxg5 19. Rhe1+ Kf8 20. Bxg5 Ne5 21.
c3 Nfd7 22. Ne4 Nc4 23. Qf2 Nde5 24. Bf6 Rh5 25. Bxg7+ Kxg7 26. Qf6+ Kg8 27.
Ng3 Nd7 28. Qf2 Re5 29. Rf1 Nc5 30. Rde1 f5 31. Ne4 Nxe4 0-1

[Event "IX Floripa Chess Open Fort Atacadista"]
[Site "Florianópolis - Santa Catari"]
[Date "2023.01.26"]
[Round "5.78"]
[White "Silva, Ezequiel Demetras"]
[Black "Dias, Anderson Tatsch"]
[Result "1-0"]
[WhiteElo "1811"]
[BlackElo "2087"]
[PlyCount "63"]
[EventDate "2023.01.23"]
[EventRounds "10"]
[EventCountry "BRA"]

1. e4 c5 2. Nf3 e6 3. c4 d6 4. Nc3 Nf6 5. Be2 Be7 6. d4 cxd4 7. Nxd4 a6 8. O-O
Qc7 9. Be3 b6 10. f3 Bb7 11. Rc1 Nbd7 12. Qd2 Rc8 13. Rfd1 Qb8 14. Kh1 O-O 15.
Bg1 Bd8 16. b4 Bc7 17. Nb3 Rfe8 18. Rc2 Rcd8 19. Rb1 Ne5 20. Qc1 Ng6 21. Na4 d5
22. cxd5 Bf4 23. Qf1 exd5 24. e5 Rxe5 25. Bxa6 Bxa6 26. Qxa6 b5 27. Nac5 Rh5
28. g4 Rh6 29. Nd4 Ne5 30. Qxb5 Nxf3 31. Qxb8 Rxb8 32. Nxf3 1-0

[Event "IX Floripa Chess Open Fort Atacadista"]
[Site "Florianópolis - Santa Catari"]
[Date "2023.01.26"]
[Round "5.79"]
[White "Ferreira, Thales Bond Dias"]
[Black "Dos Santos, Gustavo Mota"]
[Result "1/2-1/2"]
[WhiteElo "2085"]
[BlackElo "1810"]
[PlyCount "51"]
[EventDate "2023.01.23"]
[EventRounds "10"]
[EventCountry "BRA"]

1. d4 Nf6 2. Nf3 g6 3. Bf4 Bg7 4. e3 O-O 5. c4 d6 6. Nc3 Nbd7 7. h3 b6 8. Be2
Bb7 9. O-O Nh5 10. Bh2 e5 11. dxe5 dxe5 12. g4 e4 13. Nd2 Bxc3 14. bxc3 Ng7 15.
Nb3 c5 16. Qd2 Nf6 17. Rfd1 Qxd2 18. Rxd2 Rfd8 19. Rad1 Ne6 20. a4 Rxd2 21.
Rxd2 Rd8 22. Rxd8+ Nxd8 23. a5 Nc6 24. Bc7 Nxa5 25. Nxa5 bxa5 26. Bxa5 1/2-1/2

[Event "IX Floripa Chess Open Fort Atacadista"]
[Site "Florianópolis - Santa Catari"]
[Date "2023.01.26"]
[Round "5.80"]
[White "Jodorcovsky, Alejandro David"]
[Black "Medeiros Jr, Francisco De Assis"]
[Result "1/2-1/2"]
[WhiteElo "1808"]
[BlackElo "2071"]
[PlyCount "77"]
[EventDate "2023.01.23"]
[EventRounds "10"]
[EventCountry "BRA"]

1. e4 c6 2. d4 d5 3. exd5 cxd5 4. Bd3 Nf6 5. c3 Qc7 6. Ne2 Bg4 7. O-O e6 8. Bf4
Bd6 9. Qd2 Bh5 10. Na3 a6 11. c4 Bxe2 12. Bxd6 Qxd6 13. c5 Qc7 14. Qxe2 Nc6 15.
Nc2 O-O 16. f4 a5 17. g4 Nxd4 18. Nxd4 Qxc5 19. Qf2 Nxg4 20. Nb3 Qxf2+ 21. Rxf2
Nxf2 22. Kxf2 Rfc8 23. a4 Kf8 24. Nd4 Ke7 25. Re1 Kf6 26. Ke3 Re8 27. Nf3 h6
28. Kd4 Rac8 29. Ne5 Rc7 30. Rf1 g6 31. h4 h5 32. Ke3 Rec8 33. Kd2 Ke7 34. Re1
Kd6 35. Rd1 Kc5 36. Bc2 Kd6 37. Bd3 Ke7 38. Re1 Kd6 39. Rd1 1/2-1/2

[Event "IX Floripa Chess Open Fort Atacadista"]
[Site "Florianópolis - Santa Catari"]
[Date "2023.01.26"]
[Round "5.81"]
[White "Panazzolo, Paulo Victor"]
[Black "Carvalho, Felipe Lobo C."]
[Result "1/2-1/2"]
[WhiteElo "1788"]
[BlackElo "2068"]
[PlyCount "68"]
[EventDate "2023.01.23"]
[EventRounds "10"]
[EventCountry "BRA"]

1. Nf3 d5 2. g3 Bf5 3. Bg2 e6 4. c4 c6 5. O-O Nf6 6. b3 Nbd7 7. Bb2 h6 8. d3
Be7 9. Nbd2 O-O 10. Ne5 Nxe5 11. Bxe5 Nd7 12. Bb2 Bf6 13. Bxf6 Qxf6 14. e4 Bh7
15. Qe2 Nc5 16. b4 Na6 17. a3 Nc7 18. e5 Qg6 19. d4 Qd3 20. Qxd3 Bxd3 21. Rfc1
Bxc4 22. Nxc4 dxc4 23. Rxc4 Rfd8 24. f4 Rd7 25. a4 Rad8 26. Rd1 Nd5 27. Bxd5
Rxd5 28. Kf2 b5 29. Rxc6 Rxd4 30. Rxd4 Rxd4 31. axb5 Rxb4 32. Rc8+ Kh7 33. Rc7
Rxb5 34. Rxa7 Kg6 1/2-1/2

[Event "IX Floripa Chess Open Fort Atacadista"]
[Site "Florianópolis - Santa Catari"]
[Date "2023.01.26"]
[Round "5.82"]
[White "Mazetto, Sergio Luiz"]
[Black "Casas, Nicolas"]
[Result "1-0"]
[WhiteElo "2065"]
[BlackElo "1803"]
[PlyCount "55"]
[EventDate "2023.01.23"]
[EventRounds "10"]
[EventCountry "BRA"]

1. e4 d5 2. exd5 Nf6 3. d4 Nxd5 4. Nf3 g6 5. c4 Nf6 6. b3 Bg7 7. Nc3 c6 8. Be2
O-O 9. O-O Qc7 10. Ne5 Nbd7 11. Bf4 Qb6 12. c5 Qd8 13. Nc4 Nd5 14. Nxd5 cxd5
15. Ne3 Nf6 16. Be5 Ne8 17. Bxg7 Nxg7 18. b4 Nf5 19. Qd2 Nxe3 20. Qxe3 a6 21.
a4 Bd7 22. Qb3 e6 23. Qc3 Rc8 24. b5 a5 25. Rac1 b6 26. Qe3 Qc7 27. f4 f6 28.
c6 1-0

[Event "IX Floripa Chess Open Fort Atacadista"]
[Site "Florianópolis - Santa Catari"]
[Date "2023.01.26"]
[Round "5.83"]
[White "Mesquita, Arnaldo Leite"]
[Black "Guerrero, Alvaro"]
[Result "0-1"]
[WhiteElo "1760"]
[BlackElo "2058"]
[PlyCount "68"]
[EventDate "2023.01.23"]
[EventRounds "10"]
[EventCountry "BRA"]

1. Nf3 g6 2. c4 Bg7 3. g3 d6 4. Bg2 e5 5. d3 Nd7 6. Nc3 c6 7. O-O Ngf6 8. Rb1
O-O 9. Qc2 d5 10. cxd5 Nxd5 11. Nxd5 cxd5 12. Bd2 Re8 13. Rfc1 Nf8 14. Qc7 Qxc7
15. Rxc7 Ne6 16. Rcc1 Bd7 17. Ng5 Bc6 18. Nxe6 Rxe6 19. Rc5 e4 20. dxe4 dxe4
21. e3 Rd8 22. Be1 a6 23. Bf1 Bf8 24. Rcc1 Bd5 25. Bc4 Bxc4 26. Rxc4 b5 27. Rc2
b4 28. Kf1 a5 29. Rbc1 Kg7 30. Ke2 Rd5 31. Rd1 Rb5 32. b3 Bd6 33. Bd2 Be5 34.
Rc8 Rd5 0-1

[Event "IX Floripa Chess Open Fort Atacadista"]
[Site "Florianópolis - Santa Catari"]
[Date "2023.01.26"]
[Round "5.84"]
[White "Lage, Pedro Ferreira"]
[Black "Casalaspro, Mathias Andre"]
[Result "1-0"]
[WhiteElo "2055"]
[BlackElo "1806"]
[PlyCount "50"]
[EventDate "2023.01.23"]
[EventRounds "10"]
[EventCountry "BRA"]

1. Nf3 d5 2. g3 Nf6 3. Bg2 Bf5 4. O-O h6 5. c4 e6 6. Qb3 Qc8 7. Nc3 c6 8. d3
Nbd7 9. cxd5 Nc5 10. Qc2 cxd5 11. Be3 Be7 12. Rfc1 Na6 13. Nd4 Bg4 14. h3 e5
15. hxg4 exd4 16. Bxd4 Qxg4 17. Qa4+ Nd7 18. Nxd5 Nac5 19. Qc4 Bd6 20. Bf3 Qe6
21. b4 b5 22. Qc3 Nb7 23. Nc7+ Bxc7 24. Qxc7 Rb8 25. Rc6 Qh3 1-0

[Event "IX Floripa Chess Open Fort Atacadista"]
[Site "Florianópolis - Santa Catari"]
[Date "2023.01.26"]
[Round "5.85"]
[White "Miranda Fernandez, Marcos Manuel"]
[Black "Camara, Terbio Jose"]
[Result "0-1"]
[WhiteElo "1759"]
[BlackElo "2055"]
[PlyCount "108"]
[EventDate "2023.01.23"]
[EventRounds "10"]
[EventCountry "BRA"]

1. e4 c5 2. Nf3 e6 3. d4 cxd4 4. Nxd4 Nc6 5. Nc3 Qc7 6. Be3 a6 7. a3 Nf6 8. f4
d6 9. Be2 Be7 10. Qd2 O-O 11. g4 Nxd4 12. Bxd4 e5 13. Be3 Nxg4 14. Nd5 Bh4+ 15.
Kd1 Nxe3+ 16. Qxe3 Qc5 17. Qxc5 dxc5 18. f5 Rd8 19. c4 b5 20. Kc2 Bb7 21. Rad1
Bc6 22. Rhg1 Kf8 23. b3 Rd6 24. Nc3 Rh6 25. Rg2 Rb8 26. Nd5 Rd6 27. Kc3 Bd8 28.
Rg3 Rh6 29. Rg2 Rh3+ 30. Rd3 bxc4 31. Rxh3 Rxb3+ 32. Kxc4 Rxh3 33. Kxc5 Bxd5
34. Kxd5 Rxa3 35. Kxe5 Bc7+ 36. Kd5 f6 37. Bc4 Be5 38. Rd2 g6 39. fxg6 hxg6 40.
Ke6 Kg7 41. h4 Kh6 42. Rd8 Kh5 43. Rh8+ Kg4 44. Kf7 Kf4 45. Ra8 a5 46. Bd5 g5
47. h5 Rh3 48. Kg6 g4 49. Rxa5 g3 50. Ra3 g2 51. Rxh3 g1=Q+ 52. Kf7 Qa7+ 53.
Kg6 f5 54. h6 Qe7 0-1

[Event "IX Floripa Chess Open Fort Atacadista"]
[Site "Florianópolis - Santa Catari"]
[Date "2023.01.26"]
[Round "5.86"]
[White "De Oliveira, Jairo Quintiliano"]
[Black "Peroza, Eduardo Antunes"]
[Result "0-1"]
[WhiteElo "1745"]
[BlackElo "2053"]
[PlyCount "64"]
[EventDate "2023.01.23"]
[EventRounds "10"]
[EventCountry "BRA"]

1. e4 c5 2. Nf3 e6 3. d4 cxd4 4. Nxd4 a6 5. Nc3 Qc7 6. Bd3 Nf6 7. Qe2 d6 8. a4
b6 9. O-O Bb7 10. f4 Nbd7 11. Nf3 Nc5 12. e5 Nxd3 13. cxd3 Nd7 14. d4 Be7 15.
f5 dxe5 16. fxe6 fxe6 17. Bg5 Qd8 18. Bxe7 Qxe7 19. Nxe5 Nf6 20. Nc4 O-O 21.
Nxb6 Rad8 22. Rae1 Rfe8 23. Qc4 Qd6 24. a5 Qxd4+ 25. Qxd4 Rxd4 26. Nca4 Ne4 27.
Nc3 Nc5 28. Rd1 e5 29. Ne2 Rb4 30. Rd2 h6 31. Rc2 Ne6 32. Rd1 Re7 0-1

[Event "IX Floripa Chess Open Fort Atacadista"]
[Site "Florianópolis - Santa Catari"]
[Date "2023.01.26"]
[Round "5.87"]
[White "Hirano, Enzo Erich Kreutz"]
[Black "Boff, Lucas Strauss"]
[Result "1-0"]
[WhiteElo "1741"]
[BlackElo "2036"]
[PlyCount "75"]
[EventDate "2023.01.23"]
[EventRounds "10"]
[EventCountry "BRA"]

1. e4 d6 2. d4 Nf6 3. Nc3 g6 4. Be3 c6 5. Qd2 Nbd7 6. f3 Qc7 7. Nh3 b5 8. g4
Nb6 9. Nf2 h5 10. g5 Nfd7 11. f4 b4 12. Ncd1 c5 13. c3 a5 14. a3 bxa3 15. bxa3
Bg7 16. Be2 O-O 17. O-O Ba6 18. Bxa6 Rxa6 19. Qe2 Raa8 20. f5 cxd4 21. Bxd4 Qc4
22. Qe3 Rab8 23. Nh3 Na4 24. Nf4 Bxd4 25. Qxd4 Qxd4+ 26. cxd4 Kg7 27. Ne3 Rb3
28. Ned5 Re8 29. Nxe7 Rxe7 30. f6+ Nxf6 31. gxf6+ Kxf6 32. Nd5+ Ke6 33. Rf6+
Kd7 34. Nxe7 Kxe7 35. Raf1 Re3 36. Rxf7+ Ke8 37. Rf8+ Ke7 38. d5 1-0

[Event "IX Floripa Chess Open Fort Atacadista"]
[Site "Florianópolis - Santa Catari"]
[Date "2023.01.26"]
[Round "5.88"]
[White "Silva, Guilherme Henrique "]
[Black "Pavao, Fabio Biasi"]
[Result "1-0"]
[WhiteElo "2034"]
[BlackElo "1799"]
[PlyCount "29"]
[EventDate "2023.01.23"]
[EventRounds "10"]
[EventCountry "BRA"]

1. e4 c5 2. Nf3 Nc6 3. Bb5 d6 4. d4 cxd4 5. Qxd4 Bd7 6. Bxc6 Bxc6 7. Nc3 Nf6 8.
Bg5 h6 9. Bxf6 gxf6 10. O-O-O Qa5 11. Kb1 Rg8 12. Nh4 O-O-O 13. Rhe1 Kb8 14. g3
e6 15. Nf3 1-0

[Event "IX Floripa Chess Open Fort Atacadista"]
[Site "Florianópolis - Santa Catari"]
[Date "2023.01.26"]
[Round "5.89"]
[White "Flores, Clarice Soares Leit"]
[Black "De Oliveira, Aquiles Machado"]
[Result "1-0"]
[WhiteElo "1737"]
[BlackElo "2013"]
[PlyCount "40"]
[EventDate "2023.01.23"]
[EventRounds "10"]
[EventCountry "BRA"]

1. d4 d5 2. c4 Nc6 3. e3 e5 4. dxe5 d4 5. exd4 Bb4+ 6. Nc3 Qxd4 7. Qxd4 Nxd4 8.
Bd3 Be6 9. Rb1 O-O-O 10. Bg5 Nf3+ 11. Nxf3 Rxd3 12. O-O Bxc4 13. Rfd1 Ne7 14.
Rxd3 Bxd3 15. Rd1 Bg6 16. Nd5 Nxd5 17. Rxd5 Re8 18. Nh4 Bb1 19. a3 Bf8 20. Rd1
h6 1-0

[Event "IX Floripa Chess Open Fort Atacadista"]
[Site "Florianópolis - Santa Catari"]
[Date "2023.01.26"]
[Round "5.90"]
[White "Segato, Pedro Henrique Pedr"]
[Black "Reinaldo Dos Santos, Julio"]
[Result "1-0"]
[WhiteElo "1999"]
[BlackElo "1749"]
[PlyCount "59"]
[EventDate "2023.01.23"]
[EventRounds "10"]
[EventCountry "BRA"]

1. c4 e5 2. g3 Nc6 3. Nc3 Bb4 4. Nd5 Bc5 5. Bg2 d6 6. e3 Nge7 7. a3 a5 8. Ne2
O-O 9. d4 Ba7 10. O-O exd4 11. exd4 Nf5 12. Be3 Nxe3 13. fxe3 Ne7 14. Ndc3 Nf5
15. Qd3 Qg5 16. Nd5 g6 17. Nxc7 Nxe3 18. Nxa8 Nxf1 19. Rxf1 Qe7 20. Nf4 Bf5 21.
Qd2 Rxa8 22. Nd5 Qf8 23. Kh1 Be6 24. Nf6+ Kh8 25. d5 Bc8 26. Qxa5 Bf5 27. Qc3
Rd8 28. g4 Bc8 29. h3 Qg7 30. Qa5 1-0

[Event "IX Floripa Chess Open Fort Atacadista"]
[Site "Florianópolis - Santa Catari"]
[Date "2023.01.26"]
[Round "5.91"]
[White "Pereira, Marcelo Do Carmo"]
[Black "Lima, Stefan Moisei Vieir"]
[Result "0-1"]
[WhiteElo "1733"]
[BlackElo "1991"]
[PlyCount "114"]
[EventDate "2023.01.23"]
[EventRounds "10"]
[EventCountry "BRA"]

1. e4 c5 2. Nf3 d6 3. d4 cxd4 4. Nxd4 Nf6 5. Nc3 a6 6. Bg5 e6 7. f4 Nbd7 8. Qf3
Qc7 9. O-O-O b5 10. f5 e5 11. Nb3 h5 12. h3 Bb7 13. a3 h4 14. Bd3 Be7 15. Kb1
Nc5 16. Nxc5 dxc5 17. Bxf6 Bxf6 18. Nd5 Bxd5 19. exd5 Qd6 20. g4 hxg3 21. Qxg3
Rh4 22. Rhe1 O-O-O 23. Be4 Kc7 24. Qc3 Rb8 25. Qa5+ Kd7 26. Rd3 b4 27. Qa4+ Ke7
28. Qc6 Rb6 29. Qxd6+ Kxd6 30. Rb3 a5 31. axb4 axb4 32. c4 Rb8 33. Rg3 Rbh8 34.
Ree3 Rf4 35. Bd3 Rhh4 36. Rgf3 Rxf3 37. Rxf3 e4 38. Bxe4 Rxe4 39. b3 Re2 40.
Kc1 Bc3 41. h4 Rb2 42. f6 g6 43. h5 gxh5 44. Rh3 Rf2 45. Rxh5 Rxf6 46. Kc2 Rg6
47. Kd3 Rg4 48. Rf5 f6 49. Rh5 Rg5 50. Rh6 Ke5 51. Rh8 Rg3+ 52. Ke2 f5 53. Re8+
Kf4 54. d6 Rg2+ 55. Kf1 Rd2 56. Rd8 Kf3 57. Kg1 Be5 0-1

[Event "IX Floripa Chess Open Fort Atacadista"]
[Site "Florianópolis - Santa Catari"]
[Date "2023.01.26"]
[Round "5.92"]
[White "Mendez Machado, Andre"]
[Black "Cabral, Vinicius Albuquerqu"]
[Result "1-0"]
[WhiteElo "1986"]
[BlackElo "1744"]
[PlyCount "24"]
[EventDate "2023.01.23"]
[EventRounds "10"]
[EventCountry "BRA"]

1. e4 c5 2. Nc3 e6 3. d4 cxd4 4. Qxd4 Nc6 5. Qe3 Bb4 6. Bd2 d6 7. Qg3 g6 8.
O-O-O Nge7 9. Nb5 Bc5 10. Be3 Bxe3+ 11. Qxe3 d5 12. exd5 Nxd5 1-0

[Event "IX Floripa Chess Open Fort Atacadista"]
[Site "Florianópolis - Santa Catari"]
[Date "2023.01.26"]
[Round "5.93"]
[White "Constantino, Pedro Henrique"]
[Black "Da Silva, Luiz Matheus"]
[Result "1-0"]
[WhiteElo "1727"]
[BlackElo "1986"]
[PlyCount "47"]
[EventDate "2023.01.23"]
[EventRounds "10"]
[EventCountry "BRA"]

1. e4 c5 2. Nf3 d6 3. d4 cxd4 4. Nxd4 Nf6 5. Nc3 a6 6. h3 e5 7. Nde2 Be6 8. g4
h6 9. Bg2 b5 10. Ng3 b4 11. Nd5 Bxd5 12. exd5 Nbd7 13. O-O g6 14. Be3 Bg7 15.
Qd2 a5 16. a3 Rb8 17. axb4 Rxb4 18. Ra2 Qb8 19. b3 e4 20. Rxa5 Ne5 21. Rfa1 O-O
22. R1a2 Qb7 23. Bxh6 e3 24. Bxe3 1-0

[Event "IX Floripa Chess Open Fort Atacadista"]
[Site "Florianópolis - Santa Catari"]
[Date "2023.01.26"]
[Round "5.94"]
[White "Nascimento, Pedro Henrique Alve"]
[Black "Silva, Gabryel Lunardi Car"]
[Result "1/2-1/2"]
[WhiteElo "1978"]
[BlackElo "1697"]
[PlyCount "80"]
[EventDate "2023.01.23"]
[EventRounds "10"]
[EventCountry "BRA"]

1. d4 Nf6 2. c4 g6 3. Nc3 Bg7 4. e4 d6 5. Be3 O-O 6. Nf3 e5 7. d5 Na6 8. Bg5 h6
9. Bh4 g5 10. Bg3 Nxe4 11. Nxe4 f5 12. Nfd2 fxe4 13. Nxe4 Bf5 14. Bd3 c6 15.
O-O cxd5 16. cxd5 Nb4 17. Bb1 Rc8 18. a3 Na6 19. Nc3 Nc5 20. Bxf5 Rxf5 21. Rc1
a6 22. b4 Nd7 23. Ne4 Rxc1 24. Qxc1 Nb6 25. Qd2 Nc4 26. Qd3 b5 27. Nc5 Rf6 28.
Ne6 Qb6 29. Kh1 Bh8 30. h4 g4 31. h5 Qa7 32. Bh4 Qf7 33. Bxf6 Qxh5+ 34. Kg1
Bxf6 35. a4 e4 36. Qxe4 Nd2 37. Qc2 Nxf1 38. Qc8+ Kh7 39. Qd7+ Kg8 40. Qc8+ Kh7
1/2-1/2

[Event "IX Floripa Chess Open Fort Atacadista"]
[Site "Florianópolis - Santa Catari"]
[Date "2023.01.26"]
[Round "5.95"]
[White "Carvalho Jr, Celestino"]
[Black "Setti, Dalmarino"]
[Result "1-0"]
[WhiteElo "1953"]
[BlackElo "1696"]
[PlyCount "82"]
[EventDate "2023.01.23"]
[EventRounds "10"]
[EventCountry "BRA"]

1. Nf3 d5 2. g3 Nf6 3. Bg2 e6 4. O-O Be7 5. d3 c5 6. Nbd2 Nc6 7. e4 dxe4 8.
dxe4 e5 9. c3 Bg4 10. Qc2 O-O 11. Nc4 Qc7 12. Ne3 Rfe8 13. Nd5 Nxd5 14. exd5
Nb8 15. Qe4 Bxf3 16. Bxf3 Nd7 17. Re1 Qd6 18. c4 Rad8 19. Bd2 Bf6 20. h4 h6 21.
Bd1 Nf8 22. Kg2 b5 23. b3 a6 24. Bc2 Rb8 25. Rh1 Bd8 26. h5 Qd7 27. Be3 Qd6 28.
g4 Bg5 29. Bxg5 hxg5 30. Qe3 f6 31. Bf5 bxc4 32. bxc4 Rb2 33. Qe4 Reb8 34. h6
g6 35. Bxg6 Kh8 36. Bf5 Rd2 37. Rhb1 Rb4 38. Qe3 Rd4 39. Rc1 Qc7 40. Be4 a5 41.
Qf3 Qe7 1-0

[Event "IX Floripa Chess Open Fort Atacadista"]
[Site "Florianópolis - Santa Catari"]
[Date "2023.01.26"]
[Round "5.96"]
[White "Fischer, Ivo Lucio"]
[Black "De Souza, Joao Francisco Biz"]
[Result "1-0"]
[WhiteElo "1926"]
[BlackElo "1249"]
[PlyCount "61"]
[EventDate "2023.01.23"]
[EventRounds "10"]
[EventCountry "BRA"]

1. d4 e6 2. c4 d5 3. Nc3 Nf6 4. cxd5 exd5 5. Bg5 Be7 6. e3 h6 7. Bh4 Bf5 8. Qb3
Qc8 9. Bxf6 Bxf6 10. Nxd5 Nd7 11. Nf3 c6 12. Nxf6+ Nxf6 13. Bc4 O-O 14. Ne5 Qc7
15. O-O b5 16. Be2 Be6 17. Qc2 Rac8 18. Rac1 Qb7 19. Nd3 Qb8 20. Nc5 Bg4 21. h3
Bxe2 22. Qxe2 Rfe8 23. Qf3 Nh7 24. Rc2 Ng5 25. Qf5 Qd6 26. Rfc1 g6 27. Qg4 f5
28. Qe2 f4 29. Qg4 fxe3 30. fxe3 Rxe3 31. Qxc8+ 1-0

[Event "IX Floripa Chess Open Fort Atacadista"]
[Site "Florianópolis - Santa Catari"]
[Date "2023.01.26"]
[Round "5.97"]
[White "Reis, Virginia Lagrange M"]
[Black "Feller, Gabriela Luisa Vice"]
[Result "1/2-1/2"]
[WhiteElo "1652"]
[BlackElo "1914"]
[PlyCount "84"]
[EventDate "2023.01.23"]
[EventRounds "10"]
[EventCountry "BRA"]

1. e4 c6 2. d4 d5 3. Nd2 dxe4 4. Nxe4 Nf6 5. Nxf6+ gxf6 6. Bc4 Bf5 7. Bf4 Rg8
8. Nf3 e6 9. c3 Bd6 10. Bg3 Qc7 11. Qb3 b5 12. Be2 Nd7 13. a4 bxa4 14. Rxa4 Nb6
15. Ra6 Ke7 16. c4 Bxg3 17. hxg3 Rgb8 18. Qa3+ Ke8 19. O-O Qe7 20. c5 Nd5 21.
Rxc6 Qb7 22. Qa4 Kf8 23. Bc4 Ne7 24. Rd6 Qxb2 25. Ba6 Rd8 26. Rxd8+ Rxd8 27. c6
Qb6 28. Rc1 Nd5 29. Qc4 Nc7 30. Bb7 Kg7 31. Qa4 Be4 32. Ra1 a6 33. Qc4 Bxf3 34.
gxf3 Rxd4 35. Qe2 Rd5 36. Kg2 a5 37. f4 f5 38. Rh1 Qd4 39. Qh5 Qe4+ 40. Kh2 Rd2
41. Qg5+ Kf8 42. Rf1 Qd4 1/2-1/2

[Event "IX Floripa Chess Open Fort Atacadista"]
[Site "Florianópolis - Santa Catari"]
[Date "2023.01.26"]
[Round "5.98"]
[White "De Freitas, Isabella Ribeiro Co"]
[Black "Pavoni, Felipe Stevanin"]
[Result "1/2-1/2"]
[WhiteElo "1886"]
[BlackElo "1674"]
[PlyCount "79"]
[EventDate "2023.01.23"]
[EventRounds "10"]
[EventCountry "BRA"]

1. c4 Nf6 2. Nc3 g6 3. e4 d6 4. d4 Bg7 5. Nf3 O-O 6. Be2 e5 7. d5 Na6 8. Bg5 h6
9. Bh4 g5 10. Bg3 Nh5 11. a3 f5 12. exf5 Bxf5 13. Nd2 Nf4 14. O-O Nc5 15. Bf3
Qe8 16. Be4 Nxe4 17. Ndxe4 Qg6 18. Re1 h5 19. Bxf4 exf4 20. c5 g4 21. cxd6 cxd6
22. Qb3 Rf7 23. Qb4 Be5 24. Nb5 a5 25. Qa4 h4 26. Rac1 f3 27. Rc7 g3 28. hxg3
hxg3 29. Rxf7 gxf2+ 30. Kxf2 Qxg2+ 31. Ke3 Kxf7 32. Nbxd6+ Bxd6 33. Nxd6+ Kg6
34. Nxf5 Qg5+ 35. Kd3 Qxf5+ 36. Qe4 Qxe4+ 37. Rxe4 Kf6 38. Ke3 Rc8 39. Kd3 b5
40. Rh4 1/2-1/2